000 00432nam a2200145Ia 4500
008 220216s9999 xx 000 0 und d
100 _aPunnoose K I
245 0 _aResponses of Hevea brasiliensis to fertilisers in South India
260 _bProceedings of the International Rubber Conference 1975, Kuala Lumpur, V 3
_c1976
300 _a84-107
700 _aGeorge C M
700 _aMathew M
700 _aPotti S N
942 _cJS
999 _c66883
_d66883